The game of desire : Shan Bodram
| Main Author: | |
|---|---|
| Format: | Book |
| Published: |
New York :
HarperCollin Publishers ,
2019
|
| Subjects: |
MARC
| LEADER | 00000cam a2200000 7i4500 | ||
|---|---|---|---|
| 001 | 0000276128 | ||
| 005 | 20201111095713.0 | ||
| 020 | |a 9780062952547 | ||
| 090 | 0 | 0 | |a 646.77 |b BOO |
| 100 | 1 | |a Boodram, Shan | |
| 245 | 0 | 4 | |a The game of desire : |b Shan Bodram |
| 260 | |a New York : |b HarperCollin Publishers , |c 2019 | ||
| 300 | |a 218p. ; |c 23cm. | ||
| 650 | 0 | |a Dating (Social customs) | |
| 650 | 0 | |a Man-women relationships | |
| 650 | 0 | |a Online dating | |
| 999 | |a 00383269 |b BUKU |c PINJAMAN |e PERPUSTAKAAN KOMUNITI PETALING JAYA | ||